| 000 | 01249nam a22003377a 4500 | ||
|---|---|---|---|
| 003 | CHAP | ||
| 005 | 20220329143809.0 | ||
| 008 | 110905s1998 mx a r 00010 spa d | ||
| 010 | _a102016 | ||
| 011 | _a102988 | ||
| 035 | _a113677 | ||
| 040 | _cCHAP | ||
| 082 | 0 | 4 |
_a338.18097237 _bF96 |
| 110 | 2 |
_aFundación Produce Michoacán, A.C _943999 |
|
| 245 | 1 | 0 |
_aPrograma de desarrollo agropecuario del Estado de Michoacán : _bsegunda etapa, informe final _c/por Fundación Produce Michoacán |
| 260 |
_aMorelia, Mich. : _bIngeniería para el Desarrollo, _c1998 |
||
| 300 |
_a355 h. : _bilus., diagramas, gráfs. |
||
| 500 | _aContrato N<U+00BA> FPM 01/97 | ||
| 590 |
_aBATCH-UPD _b10 _c20130110 _lUCH01 _h0958 |
||
| 590 |
_aBATCH-UPD _b10 _c20130410 _lUCH01 _h0610 |
||
| 590 |
_aBATCH-UPD _b10 _c20130914 _lUCH01 _h0008 |
||
| 590 |
_aCONVERSION _b10 _c20130109 _lUCH01 _h1356 |
||
| 650 | 1 | 4 |
_aAgricultura y Estado _xMichoacan. _92053 |
| 650 | 1 | 4 |
_aAgricultura _xMichoacán. _91743 |
| 650 | 1 | 4 |
_aDesarrollo rural. _932067 |
| 650 | 1 | 4 |
_aGanadería _xMichoacán. _944823 |
| 650 | 1 | 4 |
_aPolítica agrícola _xMichoacán. _990336 |
| 901 | _aBK | ||
| 942 | _cLIBRO | ||
| 949 |
_a338.18097237 F96 _bBC _cLIBRO _d33724002307082 _eLIBRO _gDonaciØn _h115730 _i113677 _sb |
||
| 999 |
_c102016 _d102016 |
||